000 00628nam a22001697a 4500
005 20260324094203.0
008 260324b ||||| |||| 00| 0 eng d
020 _a9781529232448
040 _aCO-BoUCM
_bspa
_cSandra Palacio
_dSandra Palacio
041 _aeng
100 1 0 _aGregson, Nicky
_9188328
245 _aThe waste of the world
_bconsumption, economies and the making of the global waste problem
_cNicky Gregson
260 _aBristol, Gran Bretaña
_bBristol University Press
_c2023
300 _avii, 227 páginas
_bilustraciones
942 _2DEWEY
_a5
_cLIBRO
_e1
_h363.728
_mG823tw
999 _c326179
_d326179